000 00664nam a22002297a 4500
001 87522
003 UA-OsUOA
005 20211115225456.0
007 ta
008 20120919b un ||||| |||| 00| 0 ukr d
040 _aUA-OsUOA
_brus
_cUA-OsUOA
_dUA-OsUOA
041 _arus
080 _a94 (47+571)
090 _a94 (47+571)
_bВ 60
245 _aВнешняя политика России ХІХ и начала ХХ века
260 _aМ.
_bНаука
_c1985
300 _a927 с.
505 _gТ. 6 (четырнадцятый)
_tянварь 1825 г. - декабрь 1826 г.
650 7 _a94 Історія
_2UDC
942 _cBK
_2udc
955 _a4
999 _c373912
_d373912